000
00299nam a22001337a 4500
020
_a
0572008333
082
_a
332.75 DEE
100
_a
Deeson A. F. L.
245
_a
Great Company Crashes
260
_a
London
_b
W. Foulsham
_c
1972
300
_a
163p.
_b
21cm.
500
_a
Include Index
942
_c
BK
999
_c
15448
_d
15448